Cysclisme : Histoire du Vélo (1) - Statistiques

Statistiques générales
  • Ce quiz a été pris 170 fois
    169 depuis la dernière actualisation
  • Le résultat moyen est 6 sur 15
Statistiques - réponses
Question Réponse % Correct
Quelle est le coureurs parmi c'est proposition qui a remporté le plus de fois le Tour de France ?
68%
Quelle est le coureurs parmi c'est proposition qui a remportés 3 fois la Vuelta d'affilés de 2010 à 2023 ?
66%
Quelle est le coureurs parmi c'est proposition qui a remportés 7 Grand Tour ?
60%
Quelle est le coureurs parmi c'est proposition qui a remportés le plus de Paris Roubaix ? Tom Boonen
55%
Quelle est le coureurs parmi c'est proposition qui a remporté le plus de fois le Giro ? Fausta Coppie
53%
Quelle est le coureurs parmi c'est proposition qui a remporté le plus de fois le Giro ?
51%
Quelle est le coureurs parmi c'est proposition qui a remportés le plus de fois Milan San Remo ? Merckx
51%
Quelle est le coureurs parmi c'est proposition qui a remportés 1 étapes sur les 3 Grand Tour ?
42%
Qui est le coureurs qui a remporté le plus d'étapes sur un Grand Tour ? Eddy Merckx 64 étapes
40%
Qui est le coureurs qui a remporté le plus de Grand Tour ? Eddy Merckx 11 Grand Tour
25%
Quelle est le coureurs parmi c'est proposition qui a remportés le plus de fois le Tour des Flandres ?
23%
Quelle est le coureurs parmi c'est proposition qui a remportés le plus de fois liège bastogne liège ?
19%
Quelle est le coureurs parmi c'est proposition qui a remportés Le Tour de Lombardie ? Fausto Coppie
9%
Qui a remporté le plus de fois la Vuelta ?
8%
Quelle est le coureurs parmi c'est proposition qui a remportés 2 fois liège Bastogne Liège ?
6%
Aucun quiz correspondant
Distribution des résultats
% des personnes avec chaque résultat
Percentile par nombre de réponses
Votre historique - résultats
Vous n’avez pas pris ce quiz depuis la dernière actualisation